00536nam a2200157 a 450000100100000000500170001000800410002704000250006808200160009324500500010926000660015930000130022504900090023895201140024799900170036100002932920200930055500.0110414s1947 dr 000 0 spa d aDO-SdBNPbspacBNPHU axxxxbV483s03aLa verdad sobre un estudiante de filosofía. aCiudad Trujillo, República Dominicana, :b[s.l.],c[1947?]. a[12 p.]. aBNPD 0010718PDaPDbPDcCTd2011-04-14iLF1l0oxxxx V483sp29329-10r2020-06-25w2020-06-25yLFPDZNo se presta c28821d28821